LIBRARY & INFORMATION CENTRE, KCAET, TAVANUR

ONLINE PUBLIC ACCESS CATALOGUE (OPAC)

Engineering Properties of Foods / (Record no. 10264)

MARC details
000 -LEADER
fixed length control field 00413cam a2200169ua 4500
020 ## - INTERNATIONAL STANDARD BOOK NUMBER
ISBN 0-8247-7526-0
020 ## - INTERNATIONAL STANDARD BOOK NUMBER
ISBN 9781466556423
082 ## - DEWEY DECIMAL CLASSIFICATION NUMBER
Classification number 664.07
Item number RAO/EN
245 00 - TITLE STATEMENT
Title Engineering Properties of Foods /
250 ## - EDITION STATEMENT
Edition statement 1 / 3/ 4
260 N# - PUBLICATION, DISTRIBUTION, ETC. (IMPRINT)
Place of publication Boca Raton
Name of publisher CRC Press
Year of publication 1986.
300 ## - PHYSICAL DESCRIPTION
Number of Pages 398 / 800
500 ## - GENERAL NOTE
General note **Reference
700 1# - ADDED ENTRY--PERSONAL NAME
Personal name Rao M. A.
700 1# - ADDED ENTRY--PERSONAL NAME
Personal name Rizvi, Syed S. H .
942 ## - ADDED ENTRY ELEMENTS (KOHA)
Koha item type Reference
Holdings
Withdrawn status Lost status Damaged status Home library Current library Shelving location Date acquired Full call number Accession Number Koha item type Collection code Source of acquisition Cost, normal purchase price
      KAUAET KAUAET Reference1 07/04/2012 664 RAO/EN 19857 Reference      
      KAUAET KAUAET   07/04/2012 664 20216 Books      
      KAUAET KAUAET Reference1 31/03/2012 664 RAO/EN 22622 Books Reference Universal Research Books, Thrissur 13053.90
      KAUAET KAUAET Reference1 26/07/2016 664.07 RAO/EN 24474 Reference Reference Neoti Book Agency , New Delhi. 18948.60
free website counter